LEADER 00941nam a2200229 i 4500 001 000000072002 003 CaOOAMICUS 005 20090206000000.0 008 090206s1960 it u000 u ita u 013 $a43174 040 $aSeMil$bita 100 1 $aOrestano, Francesco <1873-1945>.$0(OLS)http://semarc/name/1168 245 10$aOpere morali /$cFrancesco Orestano. 260 $aPadova :$bCEDAM,$c1960. 300 $a466 p. ;$c25 cm. 490 0 $aI filosofi siciliani 773 0 $aOrestano, Francesco <1873-1945>$tOpera omnia.$dCatania : Centro di studi per la storia della filosofia in Sicilia, 1961-$kFilosofi siciliani$g2$w()1314 830 2$aI filosofi siciliani.$0(OLS)http://semarc/title/27240 850 $aSeMil 852 $aSeMil$W1$xVenegono$y1$m2P V 242$j38155$B38155$CSeMilBibl$Z2$F38158 $81 996 $6245$aOpere morali$9(OLS)http://semarc/title/115973 996 $6260$aPadova :$bCEDAM$9(OLS)http://semarc/publisher/30274 LEADER 00726naa a2200145 i 4500 001 000000298081 003 CaOOAMICUS 005 20180831172617.0 008 180831n xx u000 u und u 013 $a5683 040 $aSeMil$bita 100 1 $aLöning, Karl.$0(OLS)http://semarc/name/60017 245 10$aEschatologische Krise und (Neuer) Bund :$bzum Stellenwert des "Bundes-Motivs" im Zusammenhang neutestamentlicher Soteriologien. 773 0 $tUngekündigte Bund?.$dFreiburg ; Basel ; Wien : Herder, 1998.$kQuaestiones disputatae $z3-451-02172-2$w()65089 996 $6245$aEschatologische Krise und (Neuer) Bund :$bzum Stellenwert des "Bundes-Motivs" im Zusammenhang neutestamentlicher Soteriologien$9(OLS)http://semarc/title/374103